01386nac a22003491u 4500003000900000005001700009008004100026020002200067020002500089035002300114040004300137082001700180100004400197245004200241250005200283264005200335300004300387336002600430337002800456338002700484504005100511650003500562650002400597651001000621653002400631655002400655856009100679856009200770942002100862999001500883952013800898EG-ScBUE20220407105744.0200219s2006 enka f b 001 0 eng d a0521543207 (pbk.) a9780521543200 (pbk.) a(OCoLC)ocm60323138 aEG-ScBUEbengerdacEG-ScBUEdEG-ScBUE04a410bYUL2221 aYule, George,‏d1947-eauthor.93979814aThe study of language /cGeorge Yule. aThird edition,bthoroughly revised and updated. 1aCambridge :bCambridge University Press,c2006. ax, 273 pages :billustrations ;c26 cm 2rdacontentatextbtxt 2rdamediaaunmediatedbn 2rdacarrieravolumebnc aIncludes bibliographical references and index. 7aLanguage and languages.2BUEsh 7aLinguistics.2BUEsh 2BUEsh bHHUUEENNcApril2022 vReading book934232423Publisher descriptionuhttp://www.loc.gov/catdir/enhancements/fy0642/2005012919-d.html423Table of contents onlyuhttp://www.loc.gov/catdir/enhancements/fy0642/2005012919-t.html cBBk410 YUL2ddc c2076d2076 00102ddc40708 aMAINbMAINc2NDd2011-02-07epurchaseg147.30l0o410 YULp000002271r2025-07-15 00:00:00v184.13w2007-02-11yBB